logo

Bir Sreshtho Munshi Abdur Rouf Library
Jhenaidah Cadet College

মুসলিম চরিত্র : (Record no. 12534)

MARC details
000 -LEADER
fixed length control field 01015nam a2200241 a 4500
001 - CONTROL NUMBER
JCCL Control Number 12534
003 - CONTROL NUMBER IDENTIFIER
JCCL marc code BD-JhCC
005 - DATE AND TIME OF LATEST TRANSACTION
control field 20220808105156.0
008 - FIXED-LENGTH DATA ELEMENTS--GENERAL INFORMATION
fixed length control field 220808s20192021bg ||| |||| 00| 0 ban d
035 ## - SYSTEM CONTROL NUMBER
system control number (BD-JhCC)12534
040 ## - CATALOGING SOURCE
Original cataloging agency BD-JhCC
Modifying agency BD-JhCC
041 ## - LANGUAGE CODE
Language code of Book ban
082 ## - DEWEY DECIMAL CLASSIFICATION NUMBER
Classification number 390
Author mark and Year ALG 2021
100 ## - MAIN ENTRY--PERSONAL NAME
Personal name আল গাজালি, মুহাম্মাদ
245 ## - TITLE STATEMENT
Title মুসলিম চরিত্র :
Remainder of title একজন মুসলিমের পূর্ণাঙ্গ চারিত্রিক রূপরেখা /
Statement of responsibility, etc মুহাম্মাদ আল গাজালি, আলী আহমাদ মাবরুর (অনু.)
260 ## - PUBLICATION, DISTRIBUTION, ETC. (IMPRINT)
Place of publication, distribution, etc ঢাকা :
Name of publisher, distributor, etc গার্ডিয়ান,
Date of publication, distribution, etc ২০২১।
300 ## - PHYSICAL DESCRIPTION
Pagination ১৯৮ পৃ. :
Dimensions ২১ পৃ. :
504 ## - BIBLIOGRAPHY, ETC. NOTE
Bibliography, etc গ্রন্থপঞ্জি অন্তর্ভূক্ত।
650 ## - SUBJECT ADDED ENTRY--TOPICAL TERM
Topical term or geographic name as entry element islam
650 ## - SUBJECT ADDED ENTRY--TOPICAL TERM
Topical term or geographic name as entry element Manner Etiquette
700 ## - ADDED ENTRY--PERSONAL NAME
Personal name মাবরুর, আলী আহমাদ
942 ## - ADDED ENTRY ELEMENTS (KOHA)
Source of classification or shelving scheme Dewey Decimal Classification
Koha item type Books
Holdings
Source of classification or shelving scheme Damaged status Not for loan Home library Current library Shelving location Date of accession Cost, normal purchase price Total Checkouts Full call number Barcode Checked out Date last seen Date checked out Copy number Koha item type
Dewey Decimal Classification     JCC Rouf Library JCC Rouf Library General Stacks 08/08/2022 151.00 3 390 ALG 2021 17405 11/06/2025 10/12/2025 10/12/2025 C-1 Books

JCC Library | Contacts | JCC Home

Last Update on 23 September 2017
Copyright @ 2017-2020 JCC Rouf Library
Rouf Library, Jhenidah Cadet College (JCC), Bangladesh